<?xml version="1.0" encoding="UTF-8"?><?xml-stylesheet type="text/xsl" href="static/style.xsl"?><OAI-PMH xmlns="http://www.openarchives.org/OAI/2.0/" xmlns:xsi="http://www.w3.org/2001/XMLSchema-instance" xsi:schemaLocation="http://www.openarchives.org/OAI/2.0/ http://www.openarchives.org/OAI/2.0/OAI-PMH.xsd"><responseDate>2026-04-17T03:44:17Z</responseDate><request verb="GetRecord" identifier="oai:www.recercat.cat:10230/52921" metadataPrefix="marc">https://recercat.cat/oai/request</request><GetRecord><record><header><identifier>oai:recercat.cat:10230/52921</identifier><datestamp>2025-12-12T04:18:08Z</datestamp><setSpec>com_2072_6</setSpec><setSpec>col_2072_452952</setSpec></header><metadata><record xmlns="http://www.loc.gov/MARC21/slim" xmlns:dcterms="http://purl.org/dc/terms/" xmlns:xsi="http://www.w3.org/2001/XMLSchema-instance" xmlns:doc="http://www.lyncode.com/xoai" xsi:schemaLocation="http://www.loc.gov/MARC21/slim http://www.loc.gov/standards/marcxml/schema/MARC21slim.xsd">
   <leader>00925njm 22002777a 4500</leader>
   <datafield ind2=" " ind1=" " tag="042">
      <subfield code="a">dc</subfield>
   </datafield>
   <datafield ind2=" " ind1=" " tag="720">
      <subfield code="a">van den Bosch, Matilda A.</subfield>
      <subfield code="e">author</subfield>
   </datafield>
   <datafield ind2=" " ind1=" " tag="720">
      <subfield code="a">Basagaña Flores, Xavier</subfield>
      <subfield code="e">author</subfield>
   </datafield>
   <datafield ind2=" " ind1=" " tag="720">
      <subfield code="a">Mudu, Pierpaolo</subfield>
      <subfield code="e">author</subfield>
   </datafield>
   <datafield ind2=" " ind1=" " tag="720">
      <subfield code="a">Kendrovski, Vladimir</subfield>
      <subfield code="e">author</subfield>
   </datafield>
   <datafield ind2=" " ind1=" " tag="720">
      <subfield code="a">Maitre, Léa</subfield>
      <subfield code="e">author</subfield>
   </datafield>
   <datafield ind2=" " ind1=" " tag="720">
      <subfield code="a">Hjertager Krog, Norun</subfield>
      <subfield code="e">author</subfield>
   </datafield>
   <datafield ind2=" " ind1=" " tag="720">
      <subfield code="a">Marit Aasvang, Gunn</subfield>
      <subfield code="e">author</subfield>
   </datafield>
   <datafield ind2=" " ind1=" " tag="720">
      <subfield code="a">Gražulevičienė, Regina</subfield>
      <subfield code="e">author</subfield>
   </datafield>
   <datafield ind2=" " ind1=" " tag="720">
      <subfield code="a">McEachan, Rosemary R.C.</subfield>
      <subfield code="e">author</subfield>
   </datafield>
   <datafield ind2=" " ind1=" " tag="720">
      <subfield code="a">Vrijheid, Martine</subfield>
      <subfield code="e">author</subfield>
   </datafield>
   <datafield ind2=" " ind1=" " tag="720">
      <subfield code="a">Nieuwenhuijsen, Mark J.</subfield>
      <subfield code="e">author</subfield>
   </datafield>
   <datafield ind2=" " ind1=" " tag="260">
      <subfield code="c">2022-04-28T05:48:43Z</subfield>
   </datafield>
   <datafield ind2=" " ind1=" " tag="260">
      <subfield code="c">2022-04-28T05:48:43Z</subfield>
   </datafield>
   <datafield ind2=" " ind1=" " tag="260">
      <subfield code="c">2022</subfield>
   </datafield>
   <datafield ind2=" " ind1=" " tag="520">
      <subfield code="a">Introduction: The European climate is getting warmer and the impact on childhood health and development is insufficiently understood. Equally, how heat-related health risks can be reduced through nature-based solutions, such as exposure to urban natural environments, is unknown. Green CURe In Outdoor CITY spaces (Green CURIOCITY) will analyse how heat exposure during pregnancy affects birth outcomes and how long-term heat exposure may influence children&amp;apos;s neurodevelopment. We will also investigate if adverse effects can be mitigated by urban natural environments. A final goal is to visualise intraurban patterns of heat vulnerability and assist planning towards healthier cities. Methods and analysis: We will use existing data from the Human Early-Life Exposure cohort, which includes information on birth outcomes and neurodevelopment from six European birth cohorts. The cohort is linked to data on prenatal heat exposure and impact on birth outcomes will be analysed with logistic regression models, adjusting for air pollution and noise and sociobehavioural covariates. Similarly, impact of cumulative and immediate heat exposure on neurodevelopmental outcomes at age 5 will be assessed. For both analyses, the potentially moderating impact of natural environments will be quantified. For visualisation, Geographical information systems data will be combined to develop vulnerability maps, demonstrating urban &amp;apos;hot spots&amp;apos; where the risk of negative impacts of heat is aggravated due to sociodemographic and land use patterns. Finally, geospatial and meteorological data will be used for informing GreenUr, an existing software prototype developed by the WHO Regional Office for Europe to quantify health impacts and augment policy tools for urban green space planning. Ethics and dissemination: The protocol was approved by the Comité Ético de Investigación Clínica Parc de Salut MAR, Spain. Findings will be published in peer-reviewed journals and presented at policy events. Through stakeholder engagement, the results will also reach user groups and practitioners.</subfield>
   </datafield>
   <datafield ind2=" " ind1=" " tag="520">
      <subfield code="a">This work is supported by the European Commission through a Horizon 2020 Marie Skłodowska-Curie Grant, Reference number 891 538.LM is funded by a Juan de la Cierva-Incorporación fellowship (IJC2018-035394-I) awarded by the Spanish Ministerio de Economía, Industria y Competitividad.</subfield>
   </datafield>
   <datafield tag="653" ind2=" " ind1=" ">
      <subfield code="a">Community child health</subfield>
   </datafield>
   <datafield tag="653" ind2=" " ind1=" ">
      <subfield code="a">Epidemiology</subfield>
   </datafield>
   <datafield tag="653" ind2=" " ind1=" ">
      <subfield code="a">Preventive medicine</subfield>
   </datafield>
   <datafield tag="653" ind2=" " ind1=" ">
      <subfield code="a">Public health</subfield>
   </datafield>
   <datafield ind2="0" ind1="0" tag="245">
      <subfield code="a">Green CURIOCITY: a study protocol for a European birth cohort study analysing childhood heat-related health impacts and protective effects of urban natural environments</subfield>
   </datafield>
</record></metadata></record></GetRecord></OAI-PMH>